000 00511nam a2200205Ia 4500
008 170918s9999 xx 000 0 und d
020 _a9780590461924
050 _bC554 1996
100 _aChristensen, Nancy
245 _aWho am I? /
245 _cby Nancy Christensen ; illustrated by Rowan Barnes-Murphy.
260 _aNew York :
260 _bScholastic,
260 _c1996
300 _aunpaged :
300 _bchiefly colored ;
300 _c22cm.
440 _aHello reader!
500 _aBR
999 _c343003
_d343003